000 00238nam a2200097Ia 4500
005 20251222114410.0
008 251222s1900||||xx |||||||||||||| ||spa||
082 _aDVD0120/N53/1989
245 0 _aSamson et Dalila:Sansón y Dalila
942 _cDVD
999 _c2009
_d2009